English Premier League, Championship & EFL League 1 Clubs 2017-2018 - Statistics

General Stats
  • This quiz has been taken 591 times
  • The average score is 41 of 68
Answer Stats
Club % Correct
Manchester United
96%
Manchester City
95%
Arsenal
94%
Chelsea
93%
Liverpool
91%
Everton
88%
Tottenham Hotspur
88%
West Ham United
88%
Aston Villa
86%
Newcastle United
86%
AFC Bournemouth
83%
Brighton and Hove Albion
83%
West Bromich Albion
82%
Wolverhampton Wanderers
82%
Burnley
81%
Swansea City
81%
Crystal Palace
80%
Leicester City
80%
Southampton
80%
Sunderland
80%
Fulham
79%
Watford
79%
Stoke City
78%
Cardiff City
77%
Leeds United
77%
Norwich City
77%
Huddersfield Town
75%
Sheffield United
75%
Birmingham City
73%
Hull City
71%
Sheffield Wednesday
71%
Derby County
70%
Blackburn Rovers
69%
Bolton Wanderers
69%
Ipswich Town
65%
Portsmouth
64%
Queens Park Rangers
63%
Bristol City
62%
Wigan Athletic
62%
Nottingham Forest
61%
Middlesbrough
60%
Barnsley
58%
Blackpool
58%
Brentford
56%
Reading
55%
Millwall
53%
Preston North End
48%
Burton Albion
43%
Bristol Rovers
38%
MK Dons
37%
Charlton Athletic
35%
Peterborough
32%
Bury
30%
Doncaster
30%
Gillingham
30%
Bradford City
25%
Northampton
25%
Rotherham Utd
23%
Shrewsbury
23%
Rochdale
22%
Walsall
22%
AFC Wimbledon
21%
Plymouth Argyle
21%
Oxford United
20%
Fleetwood Town
15%
Oldham Athletic
15%
Scunthorpe Utd
13%
Southend United
13%
No matching quizzes found
Score Distribution
Percent of People with Each Score
Percentile by Number Answered
Your Score History
You have not taken this quiz